Vznik daňovej povinnosti v režime pozastavenia dane

Daňová povinnost vo všeobecnosti vzniká po splnení zákonom stanovených podmienok, a to napríklad dňom dodania tovaru pri dani z pridanej hodnoty. Vznik daňovej povinnosti v režime pozastavenia dane predstavuje osobitný spôsob zdanenia tovaru podliehajúceho spotrebnej dani. Stručná charakteristika je...

Descripción completa

Guardado en:
Detalles Bibliográficos
Autor principal: Boráková, Lucia
Formato: Capítulo de libro
Lenguaje:eslovaco
Materias:
Etiquetas: Agregar Etiqueta
Sin Etiquetas, Sea el primero en etiquetar este registro!

MARC

LEADER 00000naa a2200000 4500
001 0209582
005 20231208091143.2
041 0 |a slo 
044 |a SK 
245 1 0 |a Vznik daňovej povinnosti v režime pozastavenia dane  |c Lucia Boráková 
520 |a Daňová povinnost vo všeobecnosti vzniká po splnení zákonom stanovených podmienok, a to napríklad dňom dodania tovaru pri dani z pridanej hodnoty. Vznik daňovej povinnosti v režime pozastavenia dane predstavuje osobitný spôsob zdanenia tovaru podliehajúceho spotrebnej dani. Stručná charakteristika jednotlivých základné pojmov. 
610 2 0 |a povinnosť daňová 
610 2 0 |a tovar 
610 2 0 |a dane z hodnoty pridanej 
610 2 0 |a zdaňovanie 
100 1 |a Boráková, Lucia